Biblioteca

Las claves mágicas de América : (Registro nro. 39950)

Detalles MARC
000 -LÍDER
Campo fijo de descripción fija 02659aam a2200301 i 4500
001 - NÚMERO DE CONTROL
Campo de control 768714001
003 - IDENTIFICADOR DEL NÚMERO DE CONTROL
Campo de control CO-MdFUSB
005 - FECHA Y HORA DE LA ULTIMA TRANSACCIÓN
control field 20240806115308.0
007 - CAMPO FIJO DE DESCRIPCIÓN FIJA--INFORMACIÓN GENERAL
Campo fijo de descripción fija ta
008 - ELEMENTOS DE LONGITUD FIJA -- INFORMACIÓN GENERAL
Campo fijo de descripción fija -- Información general 240802t1989 ck |||| |||| 00| 0 spa d
040 ## - FUENTE DE CATALOGACIÓN
Agencia que realiza la transcripción CO-MdFUSB
041 0# - CÓDIGO DE IDIOMA
Código de idioma para texto/pista de sonido o título separado spa
082 04 - NÚMERO DE CLASIFICACIÓN DECIMAL DEWEY
Número de clasificación 572
Número de la edición del Dewey 23
Clave de autor-Numero de item Z35c
100 1# - ASIENTO PRINCIPAL--NOMBRE PERSONAL
Nombre personal Zapata Olivella, Manuel
Término relacionador autor
245 14 - TÍTULO
Título del Material Las claves mágicas de América :
Parte restante del título - Subtitulo (raza, clase y cultura)
Mención de responsabilidad, etc. / Manuel Zapata Olivella
264 #1 - PRODUCCIÓN, PUBLICACIÓN, DISTRIBUCIÓN, MANUFACTURA, Y COPYRIGHT
Nombre del productor, publicador, distribuidor Plaza y Janés,
Lugar de producción, publicación, distribución, manufactura Bogotá, Colombia :
Fecha de producción, publicación, distribución, manufactura, o copyright [1989]
264 #4 - PRODUCCIÓN, PUBLICACIÓN, DISTRIBUCIÓN, MANUFACTURA, Y COPYRIGHT
Fecha de producción, publicación, distribución, manufactura, o copyright ©1989
300 ## - DESCRIPCIÓN FÍSICA
Extensión 180 páginas
Dimensiones ; 18 cm
336 ## - TIPO DE CONTENIDO
Término de tipo de contenido texto
Código de tipo de contenido txt
Fuente rdacontent
337 ## - TIPO DE MEDIO
Fuente rdamedia
Nombre del tipo de medio sin mediación
Código del tipo de medio n
338 ## - TIPO DE SOPORTE
Fuente rdacarrier
Nombre del tipo de soporte volumen
Código Tipo de soporte nc
490 ## - MENCIÓN DE SERIE
Mención de serie Selección Cultura Colombiana,
505 ## - NOTA DE CONTENIDO
Información miscelánea Primera parte:
Título Genocidios, esclavitud y servidumbre de la Raza Indígena
Nota de contenido con formato preestablecido La Violencia Sexual contra La Mujer India. -- El Mestizo: Hijo de Hombre y Animal.<br/>
Información miscelánea Segunda parte:
Título Opresión Racial y Explotación Cultural:<br/>
Nota de contenido con formato preestablecido El Reordenamiento del Régimen Esclavista. -- La Trata de Negros y la Acumulación Capitalista en la Explotación Colonial. -- Explotación Física del Africano en el Sistema Colonial. --Teoría y Práctica de la Explotación del Negro en América. -- Culturas Africanas, Estratos y Superestratos.<br/><br/><br/><br/><br/>
Información miscelánea Tercera Parte:
Título Creatividad del Negro Bajo la Opresión:<br/>
Nota de contenido con formato preestablecido Situación Histórica. -- Pensamiento Religioso y Sociedad Africana. -- La Defensa de la Vida. -- Mecanismos Psicoreligiosos de Defensa. -- Puentes de Contacto entre el Cristianismo y las Religiones Africanas. -- Antinomios y Recreación Culturales. -- Los Ritos de Muerte y la Música Negra. -- Las Religiones Liberadoras.<br/>
Información miscelánea Cuarta Parte:
Título Del Racismo de Castas en la Sociedad Colonial<br/>
Nota de contenido con formato preestablecido Violencia y Racismo. -- La Pirámide Racial en la Sociedad Colonial. -- La Supremacía Blanca en el Sistema de Castas. -- El Miedo al Color. -- El Color y el Sexo. -- El Negro utilizado como Agente Agresor del Indio. -- Las claves mágicas de América.<br/>
Información miscelánea Quinta Parte:<br/>
Título La lucha de Razas y Clases en las Guerras de Independencia y la República:<br/>
Nota de contenido con formato preestablecido Las Constituciones Esclavistas. -- Negro e Indios. -- Ciudadanos de Segunda Clase. -- <br/>El Carácter Racista de la Manumisión. -- ¿Abolición de la Esclavitud o Liberación de Masas Esclavizadas? -- Las Revueltas Antiesclavistas del Pueblo Negro. -- Proletarización de las Etnias Oprimidas y Lucha de Clases en la Sociedad Republicana. -- Discriminación y Marginamiento en los Descendientes de Esclavos. -- La situación discriminatoria<br/>Telón de Fondo. -- El hombre americano
563 ## - NOTA DE ENCUADERNACIÓN
Nota de encuadernación Rústico
653 ## - TÉRMINO DE INDIZACIÓN - NO CONTROLADO
Término no controlado Sociología de América
942 ## - TIPO DE MATERIAL (KOHA)
Tipo de Item KOHA Libros General
945 ## - INFORMACIÓN LOCAL DEL REGISTRO
Catalogador JTF-925
Existencias
Estado de Material Estado de Perdido Forma de Clasificación Estado de Dañado No para Préstamo Colección Tomo Biblioteca de Origen Biblioteca Permanente Fecha de Adquisición Área Total de Préstamos Signatura Topográfica Código de Barras Última vez visto Ejemplar/Existencia Fecha de Remplazo Tipo de Material
    Dewey Decimal Classification     Colección General   Biblioteca FUSBC Biblioteca FUSBC 02/08/2024 SOCIOLOGIA   G 572 Z35c 9753 12/12/2019 Ej. 1 26/01/2016 Libros General
    Dewey Decimal Classification     Colección General   Biblioteca FUSBC Biblioteca FUSBC 02/08/2024 SOCIOLOGIA   G 572 Z35c 23131 02/08/2024 Ej. 2 26/01/2016 Libros General

Biblioteca FUSBC | Teléfono: (57+4) 349 88 10 Ext. 141| WhatsApp (+57) 3005338115 
E-mail: biblioteca@unisbc.edu.co | Calle 76 87-14 Robledo Palenque, Medellín, Colombia

Con tecnología Koha